00686nam a22001697a 4500003000400000008004100004020001800045082001600063245006800079260002600147300001100173650010800184700002600292942001200318999001700330952016900347OSt260626b |||||||| |||| 00| 0 eng d a9788170196358 a632.4bB57W aWilt Diseases of Crops / edited Ashok Bhattacharyya...[et al.] aPusa: bIARI, c2019. a533 p. aTechnology (Applied Sciences) | Agriculture and Related Technologies | Fungus Diseases | Plant Diseases aBhattacharyya, Ashok  2ddccBK c52345d52345 00102ddc4070aRAUbRAUcGENd2026-06-26eToday & Tomorrow Printers and Publishers g5995.00l0o632.4 B57Wp87574r2026-06-26w2026-01-29yBKkBill No. IN-00449